|
|
|
|
| LEADER |
00658nam a2200181i 4500 |
| 001 |
c000078931 |
| 003 |
CARM |
| 005 |
00000000000000.0 |
| 008 |
841204 |
| 019 |
1 |
|
|a 27747615
|z 3599374
|5 LACONCORD2021
|
| 035 |
|
|
|a (OCoLC)4427301
|5 LACONCORD2021
|
| 100 |
1 |
|
|a Freeman, Gillian.
|
| 245 |
|
4 |
|a The Leader / Gillian Freeman.
|
| 260 |
|
|
|a London : Anthony Blond, 1965.
|
| 300 |
|
|
|a 232 p. : 21 cm.
|
| 852 |
8 |
|
|b CARM
|h A2:AD15G0
|i A01384
|p 0119931
|f BK
|
| 999 |
f |
f |
|i f3e26401-2ecd-5f08-b1be-3894ce3f3017
|s 409fda2c-2ac5-5a18-a3b1-f20b5dd5e0e0
|
| 952 |
f |
f |
|p Can circulate
|a CAVAL
|b CAVAL
|c CAVAL
|d CARM 1 Store
|e A01384
|f A2:AD15G0
|h Other scheme
|i book
|m 0119931
|